| 000 | 00523nam a22001817a 4500 | ||
|---|---|---|---|
| 005 | 20230920171633.0 | ||
| 010 | _aENG-135417 | ||
| 020 |
_a9788180142321 _c200.00 |
||
| 035 | _aEN-118949 | ||
| 037 | _bDBAD/PUB | ||
| 082 | _a690.887 | ||
| 100 |
_aYadav, G.C. _957196 |
||
| 245 |
_aPractical Guide for House Construction/ _cBy G.C. Yadav |
||
| 260 |
_aDelhi _bStandard Publishers _c2016 |
||
| 270 |
_a1705-B, Nai Sarak _bDelhi _e110006 |
||
| 300 |
_a280p. _c24cm(pbk) |
||
| 942 |
_2ddc _cEN _mYAD _h690.837 |
||
| 999 |
_c193226 _d193226 |
||